000 00342nam a22001457a 4500
008 221104b ||||| |||| 00| 0 eng d
020 _a338544548400240000000000
041 _aeng
080 _a616.073
082 _a616.073 SFO
100 _a12
101 _aGENE
245 _aGENES PEOPLES AND LANDGUAGES
_cSFORZA L.L
942 _2udc
_cBK
999 _c58747
_d58747